Pistole celého světa : úplný ilustrovaný průvodce pistolemi a revolvery světa /

Hlavní autor: Hogg, Ian V., 1926-2002
Další autoři: Weeks, John S., Hurník, Zdeněk
Jazyk: Čeština
Vydáno: Praha : Naše vojsko, 2012
Vydání: Vyd. 3.
Edice: Historie a vojenství
Témata:
Externí odkaz: Digitalizovaný dokument
Fyzický popis: 352 s. : il. ; 27 cm
Knihy
Uloženo v:
LEADER 02034cam a2200529 a 4500
001 nkc20122344584
003 CZ PrNK
005 20180601235009.0
007 ta
008 120124s2012 xr a e e 001 0 cze d
015 |a cnb002344584 
020 |a 978-80-206-1276-2  |q (váz.) 
035 |a (OCoLC)798993376 
040 |a OSA001  |b cze  |d ABA001 
041 1 |a cze  |h eng 
072 7 |a 623  |x Vojenská technika  |2 Konspekt  |9 19 
080 |a 623.443  |2 MRF 
080 |a 623.443.2  |2 MRF 
080 |a (031)  |2 MRF 
100 1 |a Hogg, Ian V.,  |d 1926-2002  |7 jn20000602971  |4 aut 
245 1 0 |a Pistole celého světa :  |b úplný ilustrovaný průvodce pistolemi a revolvery světa /  |c Ian Hogg & John Weeks 
250 |a Vyd. 3. 
260 |a Praha :  |b Naše vojsko,  |c 2012 
300 |a 352 s. :  |b il. ;  |c 27 cm 
490 1 |a Historie a vojenství 
500 |a Terminologický slovník 
500 |a Z angličtiny přeložil Zdeněk Hurník 
500 |a Na obálce uveden první autor chybně Ian Hoog 
504 |a Obsahuje bibliografii a rejstřík 
650 0 7 |a pistole  |7 ph115728  |2 czenas 
650 0 7 |a revolvery  |7 ph116045  |2 czenas 
650 0 9 |a pistols  |2 eczenas 
650 0 9 |a revolvers  |2 eczenas 
655 7 |a encyklopedie  |7 fd132201  |2 czenas 
655 9 |a encyclopedias  |2 eczenas 
700 1 |a Weeks, John S.  |7 jo2012701517  |4 aut 
700 1 |a Hurník, Zdeněk  |7 ola2004216964  |4 trl 
765 0 |t Pistols of the world  |9 Česky 
830 0 |a Historie a vojenství  |0 s 
856 4 1 |u http://www.digitalniknihovna.cz/mzk/uuid/uuid:9f79c1a0-26ab-11e8-baf9-005056827e52  |y Digitalizovaný dokument  |x NDK 
910 2 |a BOA001  |b 3-1282.625 
990 |a BK 
995 |a 01 
991 |b 201203  |c NOV  |e n  |g g 
996 6 |b 2610504972  |c 3-1282.625  |l MZK  |r Sklad / do 1 hodiny  |n 2  |p p.v.  |w 001233738  |u 000010  |a 1  |e BOA001  |j MZK50  |s P 
996 6 |b 2610505845  |c 3-1282.625  |l MZK  |r STM 6p  |n 0  |p kup  |h 623.4 HOG  |w 001233738  |u 000020  |a 0  |e BOA001  |j MZK50  |s P 
996 7 |b 2610505846  |c 3-1282.625  |l Vol.výběr  |r VV 1p  |n 15  |p kup  |h 623.4 HOG  |w 001233738  |u 000030  |a 0  |e BOA001  |j MZK50  |s A